The report of the Hamoodur Rehman Commission of Inquiry into the 1971 War, as declassified by the Government of Pakistan. (Record no. 64388)
[ view plain ]
| 000 -LEADER | |
|---|---|
| fixed length control field | 01041cam a2200313 a 4500 |
| 001 - CONTROL NUMBER | |
| control field | 12454419 |
| 003 - CONTROL NUMBER IDENTIFIER | |
| control field | NUST - PNEC |
| 005 - DATE AND TIME OF LATEST TRANSACTION | |
| control field | 20170116180840.0 |
| 008 - FIXED-LENGTH DATA ELEMENTS--GENERAL INFORMATION | |
| fixed length control field | 010601s2000 pk 000 0 eng |
| 010 ## - LIBRARY OF CONGRESS CONTROL NUMBER | |
| LC control number | 2001289218 |
| 020 ## - INTERNATIONAL STANDARD BOOK NUMBER | |
| International Standard Book Number | 9694023513 |
| 025 ## - OVERSEAS ACQUISITION NUMBER | |
| Overseas acquisition number | P-E-2001289218; 07 |
| 035 ## - SYSTEM CONTROL NUMBER | |
| System control number | (DLC) 2001289218 |
| 040 ## - CATALOGING SOURCE | |
| Original cataloging agency | DLC |
| Transcribing agency | LIBRARY |
| 042 ## - AUTHENTICATION CODE | |
| Authentication code | lcode |
| 043 ## - GEOGRAPHIC AREA CODE | |
| Geographic area code | a-ii--- |
| -- | a-pk--- |
| 050 00 - LIBRARY OF CONGRESS CALL NUMBER | |
| Classification number | DS388 |
| Item number | .P33 2000 |
| 082 ## - DEWEY DECIMAL CLASSIFICATION NUMBER | |
| Classification number | 348.041'549105 HAM |
| 100 ## - MAIN ENTRY--PERSONAL NAME | |
| 9 (RLIN) | 5332 |
| Personal name | Hamoodur Rehman Commission |
| 110 1# - MAIN ENTRY--CORPORATE NAME | |
| Corporate name or jurisdiction name as entry element | Pakistan. |
| Subordinate unit | Hamoodur Rehman Commission of Inquiry into the 1971 War. |
| 245 14 - TITLE STATEMENT | |
| Title | The report of the Hamoodur Rehman Commission of Inquiry into the 1971 War, as declassified by the Government of Pakistan. |
| 246 30 - VARYING FORM OF TITLE | |
| Title proper/short title | Hamoodur Rehman Commission |
| 260 ## - PUBLICATION, DISTRIBUTION, ETC. | |
| Place of publication, distribution, etc. | Lahore : |
| Name of publisher, distributor, etc. | Vanguard, |
| Date of publication, distribution, etc. | [2000?] |
| 300 ## - PHYSICAL DESCRIPTION | |
| Extent | 545 p. ; |
| Dimensions | 27 cm. |
| 650 #0 - SUBJECT ADDED ENTRY--TOPICAL TERM | |
| Topical term or geographic name entry element | India-Pakistan Conflict, 1971. |
| General subdivision | General |
| 906 ## - LOCAL DATA ELEMENT F, LDF (RLIN) | |
| a | 7 |
| b | cbc |
| c | origode |
| d | 3 |
| e | ncip |
| f | 20 |
| g | y-gencatlg |
| 942 ## - ADDED ENTRY ELEMENTS (KOHA) | |
| Source of classification or shelving scheme | |
| Koha item type | Book |
| Withdrawn status | Lost status | Source of classification or shelving scheme | Damaged status | Not for loan | Permanent Location | Current Location | Shelving location | Date acquired | Total Checkouts | Full call number | Barcode | Date last seen | Price effective from | Koha item type |
|---|---|---|---|---|---|---|---|---|---|---|---|---|---|---|
| NUST Law School (NLS) | NUST Law School (NLS) | 07/03/2025 | 348.041549105 HAM | NLS-3114 | 07/03/2025 | 07/03/2025 | Book | |||||||
| Pakistan Navy Engineering College (PNEC) | Pakistan Navy Engineering College (PNEC) | 348.041'549105 HAM | PNECLIB-025478 | 08/20/2015 | Book |
